000
00304nam a22001337a 4500
008
180926b xxu||||| |||| 00| 0 eng d
020
_a
9780073282121
041
_a
eng
080
_a
336
100
_a
56
101
_a
FIN
245
_a
Fundamentals of Corporate Finance
_c
Jordan, R.W
942
_2
udc
_c
BK
999
_c
48500
_d
48500